All Pokémon used by important Hisui trainers - Statistics

General Stats
  • This quiz has been taken 27 times
    16 since last reset
  • The average score is 66 of 97
Answer Stats
Trainer Games Pokémon % Correct
Laventon Legends: Arceus (Possible gift) Cyndaquil
100%
Irida Legends: Arceus Espeon
100%
Irida Legends: Arceus Flareon
100%
Beni Legends: Arceus Gallade
100%
Volo Legends: Arceus Garchomp
100%
Volo Legends: Arceus Gible
100%
Volo Legends: Arceus Giratina (Altered Forme)
100%
Volo Legends: Arceus Giratina (Origin Forme)
100%
Irida Legends: Arceus Glaceon
100%
Volo Legends: Arceus Hisuian Arcanine
100%
Liam Legends: Arceus (Rematch only) Hisuian Goodra
100%
Palina Legends: Arceus (Unused in battle) Hisuian Growlithe
100%
Liam Legends: Arceus (Rematch only) Hisuian Sliggoo
100%
Adaman Legends: Arceus Leafeon
100%
Laventon Legends: Arceus (Possible gift) Oshawott
100%
Laventon Legends: Arceus (Possible gift) Rowlet
100%
Volo Legends: Arceus Spiritomb
100%
Bren (Security Corps) Legends: Arceus Sylveon
100%
Volo Legends: Arceus Togepi
100%
Adaman Legends: Arceus Umbreon
100%
Adaman Legends: Arceus Vaporeon
100%
Adaman Legends: Arceus Eevee
83%
Irida Legends: Arceus Eevee
83%
Charm Legends: Arceus Gengar
83%
Liam Legends: Arceus Goomy
83%
Gaeric Legends: Arceus (Rematch only) Hisuian Avalugg
83%
Kamado Legends: Arceus Hisuian Braviary
83%
Wenton (Security Corps) Legends: Arceus Jolteon
83%
Mai Legends: Arceus Munchlax
83%
Rei/Akari Legends: Arceus Pikachu
83%
Volo Legends: Arceus Roserade
83%
Beni Legends: Arceus (Rematch only) Roserade
83%
Kamado Legends: Arceus Snorlax
83%
Volo Legends: Arceus Togekiss
83%
Coin Legends: Arceus Toxicroak
83%
Clover Legends: Arceus Abomasnow
67%
Cyllene Legends: Arceus (Unused in battle) Abra
67%
Calaba Legends: Arceus (Unused in battle) Bibarel
67%
Ress (Security Corps Legends: Arceus Bidoof
67%
Mai Legends: Arceus (Rematch only) Crobat
67%
Sabi Legends: Arceus Electivire
67%
Rei/Akari Legends: Arceus (Conditionally, rematch only) Empoleon
67%
Gaeric Legends: Arceus Froslass
67%
Beni Legends: Arceus Gardevoir
67%
Wenton (Security Corps) Legends: Arceus Gastrodon (East Sea)
67%
Bren (Security Corps) Legends: Arceus Gastrodon (West Sea)
67%
Melli Legends: Arceus (Rematch only) Golbat
67%
Rei/Akari Legends: Arceus (Conditionally) Grotle
67%
Arezu Legends: Arceus Hisuian Lilligant
67%
Rei/Akari Legends: Arceus (Conditionally, rematch only) Infernape
67%
Zisu Legends: Arceus (Rematch only) Infernape
67%
Volo Legends: Arceus Lucario
67%
Rye Legends: Arceus Lucario
67%
Zisu Legends: Arceus Luxray
67%
Sabi Legends: Arceus Magmortar
67%
Rei/Akari Legends: Arceus (Conditionally) Monferno
67%
Rei/Akari Legends: Arceus (Conditionally) Prinplup
67%
Arezu Legends: Arceus Purugly
67%
Zisu Legends: Arceus (Rematch only) Rapidash
67%
Sabi Legends: Arceus Rhyperior
67%
Ress (Security Corps Legends: Arceus Shinx
67%
Beni Legends: Arceus Sneasler
67%
Rei/Akari Legends: Arceus (Conditionally, rematch only) Torterra
67%
Kamado Legends: Arceus (Rematch only) Ursaluna
67%
Melli Legends: Arceus (Rematch only) Zubat
67%
Arezu Legends: Arceus Bronzong
50%
Arezu Legends: Arceus Bronzor
50%
Gaeric Legends: Arceus Glalie
50%
Kamado Legends: Arceus Golem
50%
Zisu Legends: Arceus Hisuian Zoroark
50%
Beni Legends: Arceus (Rematch only) Magnezone
50%
Rei/Akari Legends: Arceus Mime Jr.
50%
Wenton (Security Corps) Legends: Arceus Mothim
50%
Rei/Akari Legends: Arceus Mr. Mime
50%
Kamado Legends: Arceus (Rematch only) Probopass
50%
Charm Legends: Arceus Rhydon
50%
Melli Legends: Arceus Skuntank
50%
Rei/Akari Legends: Arceus Staraptor
50%
Rei/Akari Legends: Arceus Staravia
50%
Ress (Security Corps Legends: Arceus Starly
50%
Mai Legends: Arceus (Rematch only) Weavile
50%
Bren (Security Corps) Legends: Arceus Wormadam (Plant Cloak)
50%
Zisu Legends: Arceus Ambipom
33%
Melli Legends: Arceus (Rematch only) Drapion
33%
Zisu Legends: Arceus (Rematch only) Drifblim
33%
Kamado Legends: Arceus (Rematch only) Heracross
33%
Zisu Legends: Arceus Honchkrow
33%
Zisu Legends: Arceus (Rematch only) Lopunny
33%
Liam Legends: Arceus (Rematch only) Mamoswine
33%
Beni Legends: Arceus Mismagius
33%
Liam Legends: Arceus (Rematch only) Piloswine
33%
Melli Legends: Arceus (Rematch only) Skorupi
33%
Zisu Legends: Arceus (Rematch only) Steelix
33%
Liam Legends: Arceus (Rematch only) Swinub
33%
Liam Legends: Arceus (Rematch only) Whiscash
33%
Kamado Legends: Arceus Clefable
17%
Rei/Akari Legends: Arceus Clefairy
17%
No matching quizzes found
Score Distribution
Percent of People with Each Score
Percentile by Number Answered
Your Score History
You have not taken this quiz since the last reset